000 00583nam a22001695i 4500
001 173086
003 ES-MaACL
005 20250902004326.0
008 091028s1896 po |||| | por d
110 2 _aAteneu Comercial do Porto
_92062
245 1 0 _aRelatorio e contas da direcçao do Atheneu Commercial do Porto
_b: gerencia do anno de 1895.
260 _aPorto :
_b[s.n.],
_c1896 (
_fTyp. de Arthur José de Soussa & Irmao)
300 _a88 p., [1] h. pleg. ;
_c22 cm.
610 2 4 _aAteneu Comercial do Porto
_92062
852 _aES-MaACL
_jT-871-F-10
999 _c173086
_d173086